Seguridad Industrial en la Embotelladora Nacional S.A. ENSA

El presente trabajo proporciona guías metodológicas para formular normas técnicas, parámetros y medidas específicas para la prevención de riesgos profesionales y accidentes de trabajo que coadyuven a crear condiciones ambientales óptimas al trabajador procurando preservarle su vida y su salud...

Full description

Bibliographic Details
Main Author: Gutiérrez Argüello, Roberto
Other Authors: Tutor: Marín Velásquez, Alberto
Format: Tesis Section = Libro
Language:Undetermined
Spanish
Published: Managua UNI 1993
Subjects:
LEADER 01252nam a2200205Ia 4500
008 240830s9999 xx 000 0 und d
040 |a BIBLIOTECA-RUPAP Mon 658.28 G983 
041 |a spa 
082 |a Mon 658.28 G983 
100 1 |a Gutiérrez Argüello, Roberto 
245 1 0 |a Seguridad Industrial en la Embotelladora Nacional S.A. ENSA 
260 |a Managua  |b UNI  |c 1993 
300 |a 281 p. :il. 
502 |a Tesis (Ingeniero Industrial)- UNI, 1993. 
520 3 |a El presente trabajo proporciona guías metodológicas para formular normas técnicas, parámetros y medidas específicas para la prevención de riesgos profesionales y accidentes de trabajo que coadyuven a crear condiciones ambientales óptimas al trabajador procurando preservarle su vida y su salud. Incluye propuesta de organización de la seguridad industrial, medidas de seguridad por puesto de trabajo instructivo sobre la prevención de incendio, diseño de la iluminación, evaluación de la sobrecarga térmica, disminución técnica del ruido, el montacarga, guía metodológica para investigación de ascendentes de trabajo. 
650 7 |a SEGURIDAD INDUSTRIAL 
700 1 |a Tutor:  |b Marín Velásquez, Alberto 
942 |c BK  |2 ddc 
991 |a TESIS 
999 |c 17052